Ο ήλιος του θανάτου

Αποθηκεύτηκε σε:
Λεπτομέρειες βιβλιογραφικής εγγραφής
Κύριος συγγραφέας: Πρεβελάκης, Παντελής, 1909-1986
Μορφή: Βιβλίο
Γλώσσα:Greek
Δημοσίευση: Βιβλιοπωλείο Εστία,
Θέματα:
Ετικέτες: Προσθήκη ετικέτας
Δεν υπάρχουν, Καταχωρήστε ετικέτα πρώτοι!

MARC

LEADER 00000nam a2200000 i 4500
001 1/55213
008 941103s1989 gre d
020 |a 960-05-0084-3 
035 |a 1994  |c ΒΙΒΛΙΟΘΗΚΗ  |l 10045224 
040 |a GR-MY-UA  |b gre  |e aacr 
041 0 |a gre 
082 0 |a 889.3 
100 1 |a Πρεβελάκης, Παντελής,   |d 1909-1986. 
245 1 2 |a Ο ήλιος του θανάτου 
260 |b Βιβλιοπωλείο Εστία,  
300 |a 332 σ.;  |c 17 cm. 
650 0 0 |a Greek fiction. 
852 |a INST  |b SAMOS  |e 19941103  |h 889.3 ΠΡΕ  |p 005300006711  |q 005300006711  |t BK  |y 0 
909 |a Σ  |b 034787